000 01636 a2200217 4500
020 _a038714210X
020 _a9780387142104
082 0 4 _a519.550285
090 _c923
_d923
100 1 _aBrockwell, Peter J.
245 1 0 _aITSM :
_ban interactive time series modelling package for the sparc workstation /
_cPeter J. Brockwell.
250 _a1st ed.
260 _a[S.l.] :
_bSpringer,
_c1992.
300 _a16 p.
500 _aDiskette.
520 _aThis book and software package is designed for the analysis of linear time series and the practical modelling and prediction of data collected sequentially in time. It is intended as a supplement to the text, Time Series: Theory and Methods , Second Edition also by Peter Brockwell and Richard Davis. It can also be used in conjunction with most undergraduate and graduate texts in time series analysis. Researchers across a wide range of disciplines such as statistics, business and economics, engineering, and the natural and social sciences will find that this makes an ideal desktop companion to their analysis of time series data. This version is designed to be run on Sun SPARC workstations and comes with the Sun graphics package GKTM. Distinctive features of the package include an easy to use menu system and it is designed to be accessible to those with little or no previous experience in time series analysis.
700 1 _aDavis, Richard A.
856 4 0 _3Amazon.com
_uhttp://www.amazon.com/exec/obidos/ASIN/038714210X/chopaconline-20
856 4 0 _3Amazon customer reviews
_uhttp://www.chopac.org/cgi-bin/tools/azrev.pl?q=038714210X
942 _aNBS
_cBK
_k519.550285
999 _c343467
_d343467